00462 2200181 4500001002100000005001500021008004100036020001800077035001900095041000700114082001000121090001600131100002700147245002100174260004200195300001900237650002400256INLIS00000000001437820241224114731241224||||||||| | ||| |||| || |  a979-461-459-9 0010-1224014378 aid0 a401.9 a401.9 SOE p0 aSoenjono Dardjowidjojo00aPSIKO-LINGUISTIK aJakartabYayasan Obor Indonesiac2010 a340hlm;15x23cm 0aBahasa & Linguistik